Statistics for JR東日本 関東の駅そば、うどん

Click here to take the quiz!

General Stats

  • This quiz has been taken 45 times
  • The average score is 6 of 29

Answer Stats

駅名答え% Correct
多数いろり庵きらく
93%
我孫子、天王台弥生軒
70%
恵比寿、赤羽などそばいち
40%
多数あじさい茶屋
35%
藤沢、本郷台大船軒
35%
国分寺、熱海など爽亭
33%
品川常盤軒
26%
大宮、鴻巣など中山道
23%
横浜支社に多数濱そば
23%
立川奥多摩そば
23%
東京支社に多数大江戸そば
21%
横川、軽井沢などおぎのや
19%
西船橋、千葉など菜の花そば
19%
秋葉原新田毎
16%
大崎あずみ
14%
上野蕎香
9%
東神奈川日栄軒
9%
宇都宮野州そば
7%
国分寺、立川など清流そば
7%
柏、古河喜多そば
7%
五反田道中そば
7%
高崎八起家
5%
土浦土浦華月庵
5%
新座、北朝霞など一ぷく
5%
東京蕎麦29
5%
品川吉利庵
2%
東京そば二〇
0%
品川水山
0%
立川こぶし
0%

Score Distribution

Percentile by Number Answered

Percent of People with Each Score

Your Score History

You have not taken this quiz